Catalogue of the effects of the late Robert Wall Esq., West Felton (Record no. 116360)

MARC details
000 -LEADER
fixed length control field 00646cam a22001935a 4500
001 - CONTROL NUMBER
control field L140565
008 - FIXED-LENGTH DATA ELEMENTS--GENERAL INFORMATION
fixed length control field 070928s1864 xxk eng u
035 ## - SYSTEM CONTROL NUMBER
System control number (Sirsi) u140565
041 0# - LANGUAGE CODE
Language code of text/sound track or separate title eng
110 2# - MAIN ENTRY--CORPORATE NAME
Corporate name or jurisdiction name as entry element Edward Pugh
245 00 - TITLE STATEMENT
Title Catalogue of the effects of the late Robert Wall Esq., West Felton
Remainder of title to be sold at auction on Thursday 20 October 1864 by Mr Edward Pugh
260 ## - PUBLICATION, DISTRIBUTION, ETC.
Place of publication, distribution, etc. Oswestry
Name of publisher, distributor, etc. Salter
Date of publication, distribution, etc. 1864
300 ## - PHYSICAL DESCRIPTION
Extent 1 sheet
Dimensions 33 cm.
351 ## - ORGANIZATION AND ARRANGEMENT OF MATERIALS
Hierarchical level Single item
500 ## - GENERAL NOTE
General note Annotated in pencil and pen.
651 5# - SUBJECT ADDED ENTRY--GEOGRAPHIC NAME
Geographic name Shropshire
690 ## - LOCAL SUBJECT ADDED ENTRY--TOPICAL TERM (OCLC, RLIN)
Topical term or geographic name as entry element PROPERTY-PROPERTY ACQUISITION AND DISPOSAL-ACQUISITION AND DISPOSAL AT AUCTION
942 ## - ADDED ENTRY ELEMENTS (KOHA)
Suppress in OPAC 0
Holdings
Withdrawn status Lost status Source of classification or shelving scheme Damaged status Not for loan Home library Current library Shelving location Date acquired Total Checkouts Full call number Barcode Date last seen Copy number Price effective from Koha item type
    Dewey Decimal Classification     London London Basement 28/09/2007   BASEMENT BOX 1 140565-1001 06/08/2019 1 06/08/2019 Archive